Visualizzazione normale
Vista MARC
- Dante Innocenzo (a cura di)
di Personal Name
Records bibliografici associati: 1
001 - CONTROL NUMBER
- control field: 61350
003 - CONTROL NUMBER IDENTIFIER
- control field:
005 - DATE AND TIME OF LATEST TRANSACTION
- control field: 20250110171103.0
008 - FIXED-LENGTH DATA ELEMENTS
- fixed length control field: 250110|| aca||aabn | a|a d
040 ## - CATALOGING SOURCE
- Original cataloging agency:
- Transcribing agency:
100 ## - HEADING--PERSONAL NAME
- Personal name: Dante Innocenzo (a cura di)
670 ## - SOURCE DATA FOUND
- Source citation: Work cat.: ()207980: Dante Innocenzo (a cura di), Maschio e femmina li creò., 2007